3 Interesting Facts for every Country of the World Part 2 - Statistics

General Stats
  • This quiz has been taken 6 times
  • The average score is 20 of 30
Answer Stats
Hint Answer % Correct
Capital City Baku
100%
Neighboring Sea Caspian Sea
100%
Capital City Dhaka
100%
Capital City Manama
100%
Capital City Nassau
100%
Country Bahrain is connected to by bridge Saudi Arabia
100%
The aboves _______ is a national holiday in the country Birthday
80%
Capital City Bridgetown
80%
Capital City Brussels
80%
Official Language English
80%
Capital City Minsk
80%
98% of the country is covered by what? Mountains
80%
Bangladesh is the most ______ country in the world (hint: air/trash) Polluted
80%
Capital City Thimphu
80%
Food made in grid-shaped irons Waffle
80%
City that was the sight of Napoleons last battle Waterloo
80%
The countrys first and only president since 1994 Alexander Lukashenko
60%
Capital City Belmopan
60%
This great "colored" sinkhole is located right outside of Belize City Great Blue Hole
60%
Instead of Gross Domestic Product, Bhutan uses GNH to measure its success. What is it called? Gross National Happiness
60%
Capital City Porto Novo
60%
9 Time Grammy winner born here Rihanna
60%
There's a water slide those goes in-between a tank filled with these Shark
60%
Population Density per square km (to the nearest whole number) 1,165
40%
Famed resort located in the above Atlantis
40%
The worlds largest of this fast food chain is located in Azerbaijan KFC
40%
Former name Dahomey
20%
Belarus is home to the largest group of these large mammals European Bison
20%
Bahrain is the only country in the middle east with this type of racing Formula One
20%
National animal Leopard
20%
No matching quizzes found
Score Distribution
Percent of People with Each Score
Percentile by Number Answered
Your Score History
You have not taken this quiz